[Event "La Pobla de Lillet op-B 30th"]
[Site "La Pobla de Lillet"]
[Date "2021.08.03"]
[Round "2"]
[White "Rossell Aran, Joan"]
[Black "Soler Massana, Ramon"]
[Result "1-0"]
[WhiteElo "1512"]
[BlackElo "1668"]
[PlyCount "48"]
[EventDate "2021.08.02"]
[EventType "swiss"]
[EventRounds "9"]
[EventCountry "ESP"]
[SourceTitle "EXT 2022"]
[Source "ChessBase"]
[SourceDate "2021.10.06"]
[SourceVersion "1"]
[SourceVersionDate "2021.10.06"]
[SourceQuality "1"]

1. e4 e5 2. Nf3 Nc6 3. d4 exd4 4. Nxd4 Bc5 5. Be3 Nxd4 6. Bxd4 Bxd4 7. Qxd4 Qf6 8. Qxf6 Nxf6 9. Nc3 c6 10. 0-0-0 0-0 11. f3 b5 12. e5 Ne8 13. Bd3 d6 14. exd6 Nxd6 15. Bxh7+ Kxh7 16. Rxd6 Bb7 17. Rd7 Rab8 18. Re1 Bc8 19. Rxa7 Be6 20. Ne4 Ra8 21. Ng5+ Kg8 22. Rxa8 Rxa8 23. Nxe6 Re8 24. f4 fxe6 1-0

[Event "La Pobla de Lillet op-B 30th"]
[Site "La Pobla de Lillet"]
[Date "2021.08.02"]
[Round "1"]
[White "Soler Massana, Ramon"]
[Black "Molina Tabernero, Jordi"]
[Result "1-0"]
[WhiteElo "1668"]
[BlackElo "1370"]
[PlyCount "89"]
[EventDate "2021.08.02"]
[EventType "swiss"]
[EventRounds "9"]
[EventCountry "ESP"]
[SourceTitle "EXT 2022"]
[Source "ChessBase"]
[SourceDate "2021.10.06"]
[SourceVersion "1"]
[SourceVersionDate "2021.10.06"]
[SourceQuality "1"]

1. e4 c5 2. d4 cxd4 3. c3 d6 4. cxd4 Nf6 5. Nc3 a6 6. f4 Bg4 7. Nf3 e6 8. Be2 Be7 9. 0-0 Nbd7 10. h3 Bxf3 11. Bxf3 e5 12. Be3 Rc8 13. g4 Nb6 14. dxe5 Nc4 15. exf6 Nxe3 16. fxe7 Qxe7 17. Qa4+ Kf8 18. Nd5 Nxd5 19. exd5 Qe3+ 20. Kg2 Qd2+ 21. Rf2 Qe3 22. Re2 Qc5 23. Rae1 b5 24. Qe4 g6 25. Qe7+ Kg7 26. g5 Qd4 27. Qxd6 h6 28. Qe5+ Qxe5 29. Rxe5 hxg5 30. fxg5 Rc4 31. b3 Rd4 32. Rd1 Rf4 33. Bg4 Rd8 34. d6 f6 35. gxf6+ Kxf6 36. Re6+ Kf7 37. Rf1 Rxf1 38. Kxf1 Kg7 39. Ke2 g5 40. Kd3 Kf7 41. Kd4 Kf8 42. Kd5 Kf7 43. Re2 Kf6 44. Kc6 Ra8 45. d7 1-0

[Event "Moia op 4th"]
[Site "Moia"]
[Date "2015.10.16"]
[Round "5"]
[White "Soler Massana, Ramon"]
[Black "Clavel Moliner, Francesc"]
[Result "0-1"]
[WhiteElo "1900"]
[BlackElo "2027"]
[PlyCount "111"]
[EventDate "2015.09.18"]
[EventType "swiss"]
[EventRounds "8"]
[EventCountry "ESP"]
[SourceTitle "EXT 2017"]
[Source "ChessBase"]
[SourceDate "2016.10.25"]
[SourceVersion "1"]
[SourceVersionDate "2016.10.25"]
[SourceQuality "1"]

1. e4 d5 2. exd5 Qxd5 3. Nc3 Qa5 4. d4 c6 5. Bc4 Nf6 6. Bd2 Qc7 7. Nf3 e6 8. 0-0 Be7 9. Re1 0-0 10. h3 Nbd7 11. Bd3 b5 12. Ne4 Bb7 13. Nxf6+ Nxf6 14. c3 a6 15. Qe2 c5 16. dxc5 Bxc5 17. Ne5 Bd6 18. Rad1 Rfd8 19. Bg5 Bxe5 20. Qxe5 Qxe5 21. Rxe5 Rd5 22. Bxf6 gxf6 23. Rxd5 Bxd5 24. Bb1 f5 25. f3 Rc8 26. Kf2 Kg7 27. Ke3 Kf6 28. Kf2 h5 29. Ke3 Rc5 30. Kf2 Bc4 31. Rd2 h4 32. Rd1 Ke5 33. Rd4 Kf6 34. Rd1 Bd5 35. Re1 a5 36. a3 Bc4 37. Rd1 Bd5 38. Re1 Bb3 39. Re3 Rd5 40. Rd3 Rc5 41. Rd2 a4 42. Bc2 Bxc2 43. Rxc2 f4 44. Rd2 Kf5 45. Rd7 Kf6 46. Ke2 Re5+ 47. Kd2 Rg5 48. Rb7 Rxg2+ 49. Kc1 Rg3 50. Rxb5 Rxf3 51. Kd1 Rxh3 52. c4 Rg3 53. c5 h3 54. c6 h2 55. Rh5 Rg1+ 56. Kc2 0-1

[Event "Moia op 4th"]
[Site "Moia"]
[Date "2015.10.02"]
[Round "3"]
[White "Soler Massana, Ramon"]
[Black "Carvajal Rodriguez, Juan"]
[Result "1-0"]
[WhiteElo "1900"]
[BlackElo "1733"]
[PlyCount "65"]
[EventDate "2015.09.18"]
[EventType "swiss"]
[EventRounds "8"]
[EventCountry "ESP"]
[SourceTitle "EXT 2017"]
[Source "ChessBase"]
[SourceDate "2016.10.25"]
[SourceVersion "1"]
[SourceVersionDate "2016.10.25"]
[SourceQuality "1"]

1. e4 e5 2. Nc3 Nf6 3. Bc4 c6 4. Qe2 d5 5. exd5 Qd6 6. dxc6 Nxc6 7. Ne4 Nxe4 8. Qxe4 Be6 9. Bxe6 Qxe6 10. Ne2 Bc5 11. a3 0-0 12. d3 f5 13. Qc4 Qxc4 14. dxc4 f4 15. f3 Rad8 16. b4 Nd4 17. Ra2 Nxe2 18. Kxe2 Bd4 19. Bb2 Be3 20. Bc1 Bd4 21. Bd2 Rfe8 22. c3 Bb6 23. c5 Bc7 24. Re1 e4 25. fxe4 Rxe4+ 26. Kf3 Rc4 27. Re7 Bb8 28. Be1 b6 29. Rae2 Kf8 30. cxb6 Rd3+ 31. Kf2 axb6 32. Re8+ Kf7 33. Rxb8 1-0

[Event "Manresa op 31st"]
[Site "Manresa"]
[Date "2014.11.15"]
[Round "8"]
[White "Burniol Clotet, Sergi"]
[Black "Soler Massana, Ramon"]
[Result "1-0"]
[WhiteElo "1803"]
[BlackElo "1890"]
[PlyCount "67"]
[EventDate "2014.09.20"]
[EventType "swiss"]
[EventRounds "8"]
[EventCountry "ESP"]
[SourceTitle "EXT 2016"]
[Source "ChessBase"]
[SourceDate "2015.10.08"]
[SourceVersion "1"]
[SourceVersionDate "2015.10.08"]
[SourceQuality "1"]

1. e4 e5 2. Nf3 Nc6 3. Bc4 Nf6 4. Ng5 d5 5. exd5 Na5 6. Bb5+ c6 7. dxc6 bxc6 8. Qf3 Be7 9. Bxc6+ Nxc6 10. Qxc6+ Bd7 11. Qf3 0-0 12. 0-0 Bg4 13. Qg3 Bd6 14. Nc3 Re8 15. Nge4 Nxe4 16. Nxe4 f5 17. d3 Bc7 18. h3 Bh5 19. Bg5 Qb8 20. Nd2 e4 21. Qh4 Bg6 22. dxe4 fxe4 23. b3 h6 24. Be3 Bb6 25. Nc4 Bxe3 26. Nxe3 Qc7 27. c4 Rad8 28. Nd5 Qe5 29. Qg3 Qxg3 30. fxg3 e3 31. Rae1 e2 32. Rf2 Bf7 33. Rfxe2 Rxe2 34. Rxe2 1-0

[Event "Manresa op 31st"]
[Site "Manresa"]
[Date "2014.11.08"]
[Round "7"]
[White "Soler Massana, Ramon"]
[Black "Mendez Egea, Antoni"]
[Result "1-0"]
[WhiteElo "1890"]
[BlackElo "1928"]
[PlyCount "112"]
[EventDate "2014.09.20"]
[EventType "swiss"]
[EventRounds "8"]
[EventCountry "ESP"]
[SourceTitle "EXT 2016"]
[Source "ChessBase"]
[SourceDate "2015.10.08"]
[SourceVersion "1"]
[SourceVersionDate "2015.10.08"]
[SourceQuality "1"]

1. e4 c5 2. Nf3 Nc6 3. d4 cxd4 4. Nxd4 g6 5. Nc3 Bg7 6. Nxc6 bxc6 7. Be3 Qc7 8. Rb1 Nf6 9. Be2 0-0 10. 0-0 d6 11. h3 a5 12. Qd2 Re8 13. Bh6 Bh8 14. Bf3 Nd7 15. Na4 Ba6 16. Be2 Bb5 17. Nc3 Bxe2 18. Nxe2 Bg7 19. Bxg7 Kxg7 20. Qd4+ f6 21. Rfd1 Qb6 22. Qxb6 Nxb6 23. b3 c5 24. Nc3 Kf7 25. Nd5 Nxd5 26. exd5 e6 27. dxe6+ Rxe6 28. Kf1 Rae8 29. Rd2 Ke7 30. Re1 Kd7 31. Rxe6 Rxe6 32. c4 h5 33. g3 g5 34. f3 Re5 35. Kf2 f5 36. f4 gxf4 37. gxf4 Re4 38. Kf3 h4 39. Rd1 Rd4 40. Rxd4 cxd4 41. Ke2 Kc6 42. Kd3 Kc5 43. a3 d5 44. b4+ axb4 45. axb4+ Kxb4 46. cxd5 Kc5 47. d6 Kxd6 48. Kxd4 Ke6 49. Kc5 Ke7 50. Kd5 Kf6 51. Kd6 Kf7 52. Ke5 Kg6 53. Ke6 Kg7 54. Kxf5 Kf7 55. Kg5 Ke6 56. Kxh4 Kf5 1-0